Statistiques concernant Culture Générale - Série 120

Cliquez ici pour prendre le quiz!

Statistiques générales

  • Ce quiz a été pris 635 fois
  • Le résultat moyen est 5 sur 10

Statistiques - réponses

QuestionRéponse% Correct
Quelle déesse romaine correspond à Aphrodite ?Vénus
77%
En 2004, avec quel chanteur Passi chante-t-il "Face à la mer" ?Calogero
74%
Quelle ancienne République soviétique a pour capitale Tbilissi ?Géorgie
73%
Quelle était la nationalité d'origine de Che Guevara ?Argentine
71%
Quels animaux de dessins animés sont Tic et Tac ?Ecureuils
71%
Dans quel pays Che Guevara a-t-il trouvé la mort ?Bolivie
52%
En 1975, dans "Vol au-dessus d'un nid de coucou", qui incarne McMurphy ?Jack Nicholson
44%
En 1984, à quelle chanteuse doit-on le tube "Toute première fois" ?Jeanne Mas
37%
Qui est l'auteur de la pièce comique "Un fil à la patte" ?Georges Feydeau
21%
En 2003, quelle Française traverse en solitaire l'Atlantique à la rame ?Maud Fontenoy
11%

Distribution des résultats

Percentile par nombre de réponses

% des personnes avec chaque résultat

Votre développement - résultats

Vous n’avez pas pris ce quiz